Measurement of the U.S. territorial sea. (Record no. 90073)
[ view plain ]
| 000 -LEADER | |
|---|---|
| fixed length control field | 00854cam a22002531 4500 |
| 001 - CONTROL NUMBER | |
| control field | sd 59000008 |
| 003 - CONTROL NUMBER IDENTIFIER | |
| control field | DLC |
| 005 - DATE AND TIME OF LATEST TRANSACTION | |
| control field | 20260227112736.0 |
| 008 - FIXED-LENGTH DATA ELEMENTS--GENERAL INFORMATION | |
| fixed length control field | 920417s1959 dcua f000 0 eng c |
| 010 ## - LIBRARY OF CONGRESS CONTROL NUMBER | |
| LC control number | sd 59000008 |
| 035 ## - SYSTEM CONTROL NUMBER | |
| System control number | (OCoLC)25667403 |
| 040 ## - CATALOGING SOURCE | |
| Original cataloging agency | U.S. Dept. of State. Library |
| Transcribing agency | DS |
| Modifying agency | DS |
| -- | DLC |
| 042 ## - AUTHENTICATION CODE | |
| Authentication code | premarc |
| 050 00 - LIBRARY OF CONGRESS CALL NUMBER | |
| Classification number | JX4131 |
| Item number | .P4 |
| 100 1# - MAIN ENTRY--PERSONAL NAME | |
| Personal name | Pearcy, George Etzel, |
| Dates associated with a name | 1905- |
| 245 10 - TITLE STATEMENT | |
| Title | Measurement of the U.S. territorial sea. |
| 260 ## - PUBLICATION, DISTRIBUTION, ETC. | |
| Place of publication, distribution, etc. | [Washington, |
| Name of publisher, distributor, etc. | U.S. Govt. Print. Off., |
| Date of publication, distribution, etc. | 1959] |
| 300 ## - PHYSICAL DESCRIPTION | |
| Extent | 9 p. |
| Other physical details | illus. |
| Dimensions | 26 cm. |
| 490 1# - SERIES STATEMENT | |
| Series statement | [U.S.] Dept. of State. Publication |
| Volume/sequential designation | 6879 |
| 490 1# - SERIES STATEMENT | |
| Series statement | General foreign policy series, |
| Volume/sequential designation | 139 |
| 650 #0 - SUBJECT ADDED ENTRY--TOPICAL TERM | |
| Topical term or geographic name entry element | Territorial waters |
| Geographic subdivision | United States. |
| 830 #0 - SERIES ADDED ENTRY--UNIFORM TITLE | |
| Uniform title | Department of State publication ; |
| Volume/sequential designation | 6879. |
| 830 #0 - SERIES ADDED ENTRY--UNIFORM TITLE | |
| Uniform title | Department of State publication. |
| Name of part/section of a work | General foreign policy series ; |
| Volume/sequential designation | 139. |
No items available.